Finanzas corporativas

Furkejuvvon:
Bibliográfalaš dieđut
Váldodahkkit: Ross, Stephen A (Dahkki), Westerfield, Randolph W (Dahkki), Jaffe, Jeffrey F (Dahkki)
Materiálatiipa: Girji
Giella:espánnjágiella
Almmustuhtton: Ciudad de México, México McGraw-Hill 2012
Preanttus:9a. edición
Fáttát:
Liŋkkat:Disponible Online
Fáddágilkorat: Lasit fáddágilkoriid
Eai fáddágilkorat, Lasit vuosttaš fáddágilkora!

MARC

LEADER 00000cam a2200000 a 4500
001 UCF8288
003 CL-VaPUC
005 20241114115351.0
008 130829e20120000mx |||||||||||||||||spa|d
999 |c 352902  |d 352900 
020 |a 9786071507419 
040 |c Pontificia Universidad Católica de Valparaíso 
082 0 4 |a 658.151 ROS 2012  |2 21 
100 0 |a Ross, Stephen A  |e author  |9 570386 
245 1 0 |a Finanzas corporativas 
250 |a 9a. edición  
260 |a Ciudad de México, México   |b McGraw-Hill  |c 2012 
300 |a 991 páginas  
583 |a last modification  |c 20130829 16:44:00  |k Rodrigo Vera 
650 0 |a Empresas  |9 893446  |x Finanzas 
650 0 |a Control presupuestario  |9 345693 
650 0 |a Riesgo financiero  |9 366193 
650 0 |a Costes de capital  |2 CL-VaPUC  |9 889506 
700 0 |a Westerfield, Randolph W  |e author  |9 570387 
700 0 |a Jaffe, Jeffrey F  |e author  |9 570388 
856 |y Disponible Online   |u https://bibliografiadigital.pucv.cl/index.php/bibliotecapucv/catalog/book/116 
942 |c BK  |2 ddc 
945 |d 20130829 16:44:00  |a cmena 
952 |0 0  |1 0  |3 erb  |4 0  |6 658_151000000000000_ROS_2012  |7 0  |8 R  |9 457690  |a BIBENE  |b BIBENE  |d 2019-11-23  |i 5004977  |l 3  |o 658.151 ROS 2012  |p 5004977  |r 2025-01-15  |s 2023-11-24  |w 2019-11-23  |y BK_R  |z Catalogado en:20130829  |k ICO 
952 |0 0  |1 0  |3 erb  |4 0  |6 658_151000000000000_ROS_2012  |7 0  |8 R  |9 457691  |a BIBENE  |b BIBENE  |d 2019-11-23  |i 5004985  |l 6  |m 1  |o 658.151 ROS 2012  |p 5004985  |r 2025-03-24  |s 2025-03-21  |w 2019-11-23  |y BK_R  |z Catalogado en:20130829  |k ICO 
952 |0 0  |1 0  |3 erb  |4 0  |6 658_151000000000000_ROS_2012  |7 0  |8 R  |9 457692  |a BIBENE  |b BIBENE  |d 2019-11-23  |i 5004993  |l 11  |m 1  |o 658.151 ROS 2012  |p 5004993  |r 2025-01-15  |s 2024-11-06  |w 2019-11-23  |y BK_R  |z Catalogado en:20130829  |k ICO